1812 1867 1563 1047 2000 1771 1523 1543 1284 1340 1959 1207 1905 1837 1811 1985 1146 1493 1086 1955 1470 1003 1150 1515 1637 1550 1934 1169 1114 1631 1079 1548 1467 1937 1581 1639 1616 1043 1189 1202 1413 1422 1509 1184 1596 1549 1432 1903 1137 1452 1730 1769 1734 1112 1370 1750 1066 1129 1762 1199 1130 1034 1846 1461 1776 1702 1003 1851 1282 1660 1278 1435 1580 1920 1880 1701 1868 1572 1672 1696 1945 1953 1868 1684 1767 1802 1753 1388 1802 1676 1427 1690 1111 1007 1294 1229 1101 1186 1985 BCNSPRNW ULIB Ver.6.0+V

เปลี่ยนเป็นภาษาไทย

Change to English
 แสดงรายละเอียดบรรณานุกรม
  กลับหน้าหลัก

Brief Record : Get Marc (ISO 2709) : E-mail record : QR code < ปิดหน้าต่าง
LEADER : 00000nam 2200000uu 4500
001    13399107750
003     ULIB
008    110202s2553||||th 000 0 tha d
060  0 WS420 ^bช175ค 2553 ล.1
110 1  ชมรมเวชศาสตร์ทารกแรกเกิดแห่งประเทศไทย
245 00 คู่มือการดูแลทารกแรกเกิด 1:Basic Newborn Care
250    พิมพ์ครั้งที่ 1
260    กรุงเทพฯ:^bโรงพยาบาลรามาธิบดี,^c2553
300    ^a408 หน้า:^bภาพประกอบ;^c27.4ซม.
650  0 ทารกแรกเกิด
650  0 กุมารเวชศาสตร์
945    ^p0^l0^i029103
945    ^p0^l0^i029099
945    ^p0^l0^i029100
945    ^p0^l0^i029101
945    ^p0^l0^i029102
999    เกษร
รายการนี้ยังไม่มีแท็ก
คุณยังไม่ได้ล็อกอิน คุณสามารถมีกิจกรรมร่วมกับเว็บไซต์ได้ แต่ต้องล็อกอินก่อน ::
  ล็อกอิน

รายการสื่อสารสนเทศ

ลำดับที่ ประเภท เลขเรียก/บาร์โค้ด สถานที่ สถานะ
1. วิทยาศาสตร์การแพทย์ และสุขภาพ
หนังสือสำรอง
สถานะ=หนังสือสำรอง
WS420 ช175ค 2553 ล.1 ฉ.1 
  Barcode: 029099
ห้องสมุดวิทยาเขตสวรรค์ประชารักษ์
►ส่วนจัดเก็บหนังสือเก่า สปร
บนชั้น
  ขอยืม
2. วิทยาศาสตร์การแพทย์ และสุขภาพ
วิทยาศาสตร์การแพทย์ และสุขภาพ
WS420 ช175ค 2553 ล.1 ฉ.2 
  Barcode: 029100
ห้องสมุดวิทยาเขตสวรรค์ประชารักษ์
►ส่วนจัดเก็บหนังสือเก่า สปร
บนชั้น
  ขอยืม
3. วิทยาศาสตร์การแพทย์ และสุขภาพ
วิทยาศาสตร์การแพทย์ และสุขภาพ
WS420 ช175ค 2553 ล.1 ฉ.3 
  Barcode: 029101
ห้องสมุดวิทยาเขตสวรรค์ประชารักษ์
►ส่วนจัดเก็บหนังสือเก่า สปร
บนชั้น
  ขอยืม
4. วิทยาศาสตร์การแพทย์ และสุขภาพ
วิทยาศาสตร์การแพทย์ และสุขภาพ
WS420 ช175ค 2553 ล.1 ฉ.4 
  Barcode: 029102
ห้องสมุดวิทยาเขตสวรรค์ประชารักษ์
►ส่วนจัดเก็บหนังสือเก่า สปร
บนชั้น
  ขอยืม

รายการใกล้เคียง
    หัวเรื่อง [ทารกแรกเกิด]
    หัวเรื่อง [กุมารเวชศาสตร์]

BibComment


ยังไม่เคยถูกคอมเมนท์

คอมเมนท์ทรัพยากรรายการนี้
  คอมเมนท์: คู่มือการดูแลทารก..


 Copyright 2026. Bcnsprnw @Library